000 00446nam a2200193Ia 4500
008 240510s9999 xx 000 0 und d
020 _a9789556773750
041 _asih
082 _a891.483
082 _bB31
100 _aBHAGAT,CHETAN:Trans:JAYAKODI,DILIPA
245 0 _aThun Mollu:Five Point Someone
260 _bColombo:Fast Publishing
260 _c2014
300 _a393 p.
650 _aNovel
942 _2ddc
942 _cLBK
999 _c29329
_d29329
945 _a1
_bMadushi Gamage
_c1
_dMadushi Gamage